000 00525cam a22002051 4500
001 sa 68004743
003 DLC
005 20260227112503.0
008 891013s1967 ii 000 0 malo
010 _asa 68004743
035 _a(OCoLC)20485347
040 _aDLC
_cWaU
_dDLC
042 _apremarc
050 0 0 _aPL4718.9.K344
_bK3
100 1 _aKarthikeyan, Alleppey.
245 1 0 _aKar̲utta dēvata.
260 _a[Ernakulam,
_bChandralekha Publications,
_c1967]
300 _a278 p.
_c18 cm.
500 _aIn Malayalam.
999 _c80311
_d80311